000 00551nam a22001817a 4500
999 _c172828
_d172828
005 20200213130858.0
010 _aENG-127730
020 _c200.00
_a9789388927505
035 _aEN-111262
037 _bDBAD/PUB
082 _a883.08
100 _aSutariya,Chirag
245 _aEcocriticism:/
_cby Chirag Sutariya
_bPerceptions and observations/
260 _aAhmedabad
_c2019
_bVedant Publication
270 _aRajkot, Ahmedabad, Surat
_e360001
_bAhmedabad
300 _avarious pages.
_b21cm(pbk)
942 _2ddc
_cEN
_h883.08
_mSUT